[Event "SF Pfullingen - SK Schwäbisch Hall"]
[Site "?"]
[Date "2024.03.03"]
[Round "7.5"]
[White "Eric, Jovana"]
[Black "Einwiller, Bernd"]
[Result "1/2-1/2"]
[WhiteElo "2158"]
[BlackElo "2080"]
[PlyCount "98"]
[EventDate "2024.??.??"]

1. e4 c5 2. Nf3 Nc6 3. d4 cxd4 4. Nxd4 e5 5. Nb5 d6 6. c4 Be6 7. N1c3 a6 8. Na3 g6 9. Nc2 Bg7 10. Bd3 Nf6 11. O-O O-O 12. Ne3 Nd4 13. Ned5 Nxd5 14. cxd5 Bd7 15. Be3 b5 16. Ne2 Nxe2+ 17. Qxe2 f5 18. f3 f4 19. Bf2 g5 20. Rfc1 h5 21. Rc2 g4 22. Kh1 Qg5 23. Rc7 Rf7 24. Rac1 Bf6 25. a4 bxa4 26. Bxa6 Bd8 27. R7c2 g3 28. Bg1 gxh2 29. Bxh2 Bb6 30. Bc8 Bc5 31. Bxd7 Rxd7 32. Qe1 Rb7 33. Bg1 Be3 34. Bxe3 fxe3 35. Qe2 Rab8 36. Rc8+ Rxc8 37. Rxc8+ Kf7 38. Rc1 Qh4+ 39. Kg1 Qf2+ 40. Qxf2 exf2+ 41. Kxf2 Rxb2+ 42. Kg3 a3 43. Rc7+ Kg6 44. Rc6 Kg5 45. Rxd6 a2 46. Ra6 Rd2 47. Ra8 Kf6 48. Kh3 Rf2 49. Kg3 Rd2 1/2-1/2

[Event "SF Pfullingen - SK Schwäbisch Hall"]
[Site "?"]
[Date "2024.03.03"]
[Round "7.6"]
[White "Nagelsdiek, Michael"]
[Black "Buran, Jaroslav"]
[Result "0-1"]
[WhiteElo "2033"]
[BlackElo "1987"]
[PlyCount "72"]
[EventDate "2024.??.??"]

1. c4 e6 2. g3 d5 3. Bg2 Nf6 4. Nf3 c5 5. O-O Nc6 6. b3 Be7 7. e3 O-O 8. Qe2 b6 9. d3 Bb7 10. Nc3 Re8 11. Bb2 Bf8 12. Rad1 a6 13. a3 Qc7 14. cxd5 exd5 15. d4 cxd4 16. Nxd4 Nxd4 17. Rxd4 Bxa3 18. Nxd5 Nxd5 19. Bxa3 Nc3 20. Qd3 Bxg2 21. Kxg2 Qc6+ 22. Kg1 Nb5 23. Rc4 Qf6 24. Bc1 Rad8 25. Qc2 Qg6 26. Qa2 Qd3 27. Bb2 Qe2 28. Qa1 f6 29. Re1 Qd3 30. Rg4 h5 31. Rh4 Nd6 32. Rxh5 Ne4 33. Bd4 Nd2 34. Rd1 Nf3+ 35. Kg2 Qe4 36. Kf1 Nxd4 0-1

[Event "SF Pfullingen - SK Schwäbisch Hall"]
[Site "?"]
[Date "2024.03.03"]
[Round "7.7"]
[White "Bahmann, Micha"]
[Black "Einwiller, Dieter"]
[Result "0-1"]
[WhiteElo "2073"]
[BlackElo "1984"]
[PlyCount "90"]
[EventDate "2024.??.??"]

1. d4 Nf6 2. c4 c5 3. d5 d6 4. Nc3 g6 5. e4 Bg7 6. Be2 e6 7. Nf3 exd5 8. cxd5 O-O 9. O-O Re8 10. Nd2 Nbd7 11. a4 Ne5 12. f4 Neg4 13. Nc4 Nxe4 14. Bxg4 Bd4+ 15. Be3 Nxc3 16. bxc3 Bxe3+ 17. Kh1 Bxg4 18. Qxg4 Re4 19. Qe2 Qe7 20. Rae1 Re8 21. g3 f5 22. Nxe3 Rxe3 23. Qxe3 Qxe3 24. Rxe3 Rxe3 25. Rb1 b6 26. a5 bxa5 27. Rb7 Rxc3 28. Rd7 Rd3 29. Rxd6 a4 30. Rd7 a6 31. Rd6 c4 32. Rxa6 Rxd5 33. Rxa4 Rc5 34. Ra2 c3 35. Rc2 Kf7 36. Kg2 Ke6 37. Kf3 Kd5 38. Ke2 Kc4 39. Kd1 Kd3 40. Rf2 Ra5 41. Rf3+ Kc4 42. h4 Ra1+ 43. Kc2 Ra2+ 44. Kc1 Rg2 45. Kd1 Kb3 0-1

[Event "SF Pfullingen - SK Schwäbisch Hall"]
[Site "?"]
[Date "2024.03.03"]
[Round "7.8"]
[White "Janasik, Gerhard"]
[Black "Karatsioras, Nikolaos"]
[Result "1-0"]
[WhiteElo "1935"]
[BlackElo "1979"]
[PlyCount "103"]
[EventDate "2024.??.??"]

1. e4 c5 2. Nf3 d6 3. c3 Nf6 4. h3 Nc6 5. Bd3 g6 6. O-O Bg7 7. Bc2 O-O 8. d4 cxd4 9. cxd4 Nd7 10. Nc3 a6 11. Be3 b5 12. Qd2 Nb6 13. b3 f5 14. d5 fxe4 15. Nd4 Nxd4 16. Bxd4 Bxd4 17. Qxd4 e5 18. dxe6 Bxe6 19. Nxe4 Nd5 20. Rfe1 Qh4 21. Rad1 Nf4 22. Ng3 Rae8 23. Be4 Qg5 24. Kh2 d5 25. Bf3 h5 26. Re5 Qf6 27. Ne2 Nxe2 28. Rxe2 Qf7 29. Rxe6 Rxe6 30. Bxd5 Kh7 31. Bxe6 Qxe6 32. Qd7+ Qxd7 33. Rxd7+ Kh6 34. Rd6 Ra8 35. f4 Kg7 36. g4 hxg4 37. hxg4 Ra7 38. Rb6 Rf7 39. Kg3 Ra7 40. Kh4 Rd7 41. Rxa6 Rd4 42. Kg5 Rd5+ 43. f5 gxf5 44. gxf5 Rd2 45. Ra7+ Kf8 46. Kf6 Rd6+ 47. Ke5 Rd2 48. a4 Ra2 49. Ra5 bxa4 50. bxa4 Kf7 51. Ra7+ Ke8 52. a5 1-0

[Event "SF Deizisau 2 - SK Bebenhausen"]
[Site "?"]
[Date "2024.03.03"]
[Round "7.1"]
[White "Braun, Georg"]
[Black "Koellner, Ruben Gideon"]
[Result "1/2-1/2"]
[WhiteElo "2398"]
[BlackElo "2453"]
[PlyCount "129"]
[EventDate "2024.??.??"]

1. c4 e6 2. Nc3 d5 3. d4 Nf6 4. Bg5 Be7 5. e3 h6 6. Bh4 Ne4 7. Bxe7 Qxe7 8. Qc2 Nxc3 9. Qxc3 O-O 10. Nf3 c6 11. Rc1 Nd7 12. Bd3 Re8 13. O-O dxc4 14. Bxc4 e5 15. Nxe5 Nxe5 16. dxe5 Qxe5 17. Qxe5 Rxe5 18. Rfd1 Bf5 19. Rd4 Rae8 20. Rcd1 Kf8 21. Kf1 a5 22. a3 g5 23. Bd3 Be6 24. Rc1 Ke7 25. Ke2 Bd5 26. g3 c5 27. f4 gxf4 28. Rxf4 Kf8 29. Kd2 Be6 30. Rc3 Rd8 31. Ke2 Red5 32. Bc4 Rd2+ 33. Kf3 Bxc4 34. Rcxc4 b6 35. b4 cxb4 36. axb4 a4 37. b5 a3 38. Ra4 a2 39. Ra7 R8d7 40. Ra8+ Ke7 41. Re4+ Kf6 42. Ra6 R7d6 43. Rea4 Rxh2 44. Rxa2 Rxa2 45. Rxa2 Rd5 46. Rb2 Rf5+ 47. Kg4 h5+ 48. Kh4 Re5 49. Rb3 Kg6 50. Kh3 Kf5 51. Kg2 Ke6 52. Kf3 Rf5+ 53. Ke4 Kf6 54. Kd4 Rc5 55. Ke4 Rf5 56. Kd4 Rg5 57. e4 Ke6 58. Kc4 Rg4 59. Re3 Ke5 60. Kd3 f6 61. Rf3 Rxe4 62. Rxf6 Kxf6 63. Kxe4 Ke6 64. Kf4 Kf6 65. Ke4 1/2-1/2

[Event "SF Deizisau 2 - SK Bebenhausen"]
[Site "?"]
[Date "2024.03.03"]
[Round "7.3"]
[White "Hartmann, Martin"]
[Black "Dabo-Peranic, Robert"]
[Result "0-1"]
[WhiteElo "2165"]
[BlackElo "2349"]
[PlyCount "130"]
[EventDate "2024.??.??"]

1. e4 c5 2. Nf3 Nf6 3. Nc3 d5 4. exd5 Nxd5 5. d4 Nxc3 6. bxc3 g6 7. Be3 Bg7 8. Bc4 O-O 9. O-O Nc6 10. h3 Qa5 11. Qe2 Qxc3 12. dxc5 Bf5 13. Rab1 Na5 14. Bd3 Be6 15. Bd2 Qa3 16. Rb5 Nc6 17. Rxb7 Qxa2 18. Ng5 Bd5 19. Rd7 a5 20. Re1 a4 21. c4 Nd4 22. Qxe7 Bxc4 23. Bxc4 Qxc4 24. Be3 Nf5 25. Qe4 Qxe4 26. Nxe4 a3 27. Bg5 a2 28. Bf6 Bxf6 29. Nxf6+ Kg7 30. Ra1 Kxf6 31. Rd2 Rfc8 32. Rc2 Nd4 33. Rcxa2 Rxa2 34. Rxa2 Rxc5 35. Kh2 Rc2 36. Ra6+ Kg5 37. Ra4 Nf5 38. Kg1 h5 39. Ra7 f6 40. Ra5 Rc1+ 41. Kh2 Rf1 42. Ra2 h4 43. Rb2 Kf4 44. Rb4+ Ke5 45. Rb2 Ke4 46. Re2+ Kf4 47. Ra2 g5 48. Rd2 Ke4 49. Re2+ Kd5 50. Ra2 Nd6 51. Ra5+ Kd4 52. Ra4+ Ke5 53. Ra5+ Ke4 54. Ra6 Ke5 55. Ra5+ Ke6 56. Ra2 Ne4 57. f4 Rxf4 58. Ra6+ Kf5 59. Ra5+ Kg6 60. Ra6 Rf2 61. Rb6 Nd2 62. Kh1 Nc4 63. Rb3 Re2 64. Rb1 Ne3 65. Rb6 Nxg2 0-1

[Event "SF Deizisau 2 - SK Bebenhausen"]
[Site "?"]
[Date "2024.03.03"]
[Round "7.4"]
[White "Bronznik, Valerij"]
[Black "Latzke, Boris"]
[Result "1/2-1/2"]
[WhiteElo "2275"]
[BlackElo "2164"]
[PlyCount "43"]
[EventDate "2024.??.??"]

1. d4 Nf6 2. Nf3 e6 3. e3 b6 4. Bd3 Bb7 5. b3 Be7 6. Bb2 O-O 7. Nbd2 c5 8. O-O d6 9. c4 Nc6 10. a3 Rc8 11. Qe2 Qc7 12. Rac1 Qb8 13. Rfd1 Rfd8 14. Nf1 d5 15. dxc5 dxc4 16. Bxc4 Bxc5 17. b4 Be7 18. Bd3 Ne8 19. Ng3 Bf6 20. Nh5 Bxb2 21. Qxb2 Ne7 22. Be2 1/2-1/2

[Event "SF Deizisau 2 - SK Bebenhausen"]
[Site "?"]
[Date "2024.03.03"]
[Round "7.5"]
[White "Khadempour, Farhad"]
[Black "Gustain, Marc"]
[Result "1/2-1/2"]
[WhiteElo "2143"]
[BlackElo "2174"]
[PlyCount "110"]
[EventDate "2024.??.??"]

1. c4 e5 2. Nc3 Nc6 3. Nf3 f5 4. d4 e4 5. Bg5 Be7 6. Bxe7 Ngxe7 7. Ng5 h6 8. Nh3 O-O 9. e3 d6 10. Nf4 Nb8 11. h4 c6 12. Rc1 Na6 13. h5 Nc7 14. d5 c5 15. Be2 Ne8 16. Qd2 Nf6 17. f3 Bd7 18. Kf2 a6 19. a4 Rb8 20. Ra1 b6 21. Qc2 Qe8 22. Rab1 Qf7 23. b4 cxb4 24. Rxb4 Qe8 25. Qb2 Qd8 26. Rb1 Nc8 27. a5 b5 28. cxb5 axb5 29. Bxb5 Ra8 30. Bxd7 Nxd7 31. Ne6 Qh4+ 32. Kg1 Rf7 33. Qf2 Qxh5 34. fxe4 Rxa5 35. exf5 Rxf5 36. Qg3 Rf7 37. Rg4 Qe5 38. e4 Ra3 39. Qxe5 Nxe5 40. Rg3 Ra8 41. Ne2 Ne7 42. N2d4 N7g6 43. Nf5 Ra6 44. Rb8+ Kh7 45. Rd8 Ra1+ 46. Kh2 Re1 47. Rh3 Ng4+ 48. Kg3 N6e5 49. Ng5+ Kg6 50. Nxf7 Kxf7 51. Rh4 Nf6 52. Kf2 Nd3+ 53. Kf3 Ne5+ 54. Kf2 Nd3+ 55. Kf3 Ne5+ 1/2-1/2

[Event "SF Deizisau 2 - SK Bebenhausen"]
[Site "?"]
[Date "2024.03.03"]
[Round "7.6"]
[White "Valkova, Angelika"]
[Black "Roth, Juergen Eugen"]
[Result "0-1"]
[WhiteElo "2021"]
[BlackElo "2124"]
[PlyCount "90"]
[EventDate "2024.??.??"]

1. d4 Nf6 2. c4 e6 3. Nc3 Bb4 4. e3 O-O 5. a3 Bxc3+ 6. bxc3 c5 7. Bd3 Nc6 8. Ne2 b6 9. e4 e5 10. d5 Ne7 11. Ng3 d6 12. Bg5 Ne8 13. h4 f6 14. Be3 f5 15. exf5 Nxf5 16. Bg5 Qc7 17. Qc2 Qf7 18. Ne4 h6 19. g4 Ne7 20. Be3 Bxg4 21. Ng5 hxg5 22. Bh7+ Kh8 23. hxg5 Bh5 24. Rxh5 Qxh5 25. Be4 g6 26. Kd2 Kg7 27. Rg1 Nf5 28. Kc1 Rb8 29. Bd2 Qe2 30. Qa4 Rb7 31. f3 Qh2 32. Re1 Re7 33. Qc2 Kg8 34. Kb1 Neg7 35. Qc1 Nh5 36. Qd1 Nhg3 37. Bd3 Rh7 38. f4 exf4 39. Be4 Nxe4 40. Rxe4 Re7 41. Rxe7 Nxe7 42. Qe1 Nf5 43. Qe6+ Kg7 44. Kc1 Qg1+ 45. Kc2 Rf7 0-1

[Event "SF Deizisau 2 - SK Bebenhausen"]
[Site "?"]
[Date "2024.03.03"]
[Round "7.7"]
[White "Frick, Christoph"]
[Black "Gheng, Dominik"]
[Result "1/2-1/2"]
[WhiteElo "2160"]
[BlackElo "1961"]
[PlyCount "41"]
[EventDate "2024.??.??"]

1. d4 Nf6 2. Bf4 d5 3. e3 e6 4. Nd2 Bd6 5. Bg3 c5 6. c3 Nc6 7. Ngf3 b6 8. Bd3 Bb7 9. Qe2 O-O 10. Rd1 Ne7 11. dxc5 Bxc5 12. e4 Ng6 13. Ne5 Nxe5 14. Bxe5 Nd7 15. Bd4 Bxd4 16. cxd4 dxe4 17. Bxe4 Bxe4 18. Nxe4 Nf6 19. Nxf6+ Qxf6 20. O-O Rfd8 21. Qe4 1/2-1/2

[Event "SF Deizisau 2 - SK Bebenhausen"]
[Site "?"]
[Date "2024.03.03"]
[Round "7.8"]
[White "Brenner, Markus"]
[Black "Kasueschke, Lars"]
[Result "1/2-1/2"]
[WhiteElo "2107"]
[BlackElo "2068"]
[PlyCount "45"]
[EventDate "2024.??.??"]

1. e4 c5 2. d4 cxd4 3. c3 Nf6 4. e5 Nd5 5. Qxd4 e6 6. Nf3 Nc6 7. Qe4 f5 8. Qe2 b5 9. g3 a5 10. Bg2 Be7 11. O-O Ba6 12. Re1 b4 13. c4 O-O 14. Qc2 Nb6 15. b3 Qc7 16. h4 Bc5 17. Be3 Nxe5 18. Bxc5 Nxf3+ 19. Bxf3 Qxc5 20. Bxa8 Rxa8 21. Qe2 Bb7 22. Nd2 f4 23. g4 1/2-1/2